000 00539nam a22002057a 4500
003 OSt
005 20140310182804.0
008 130214t xxu||||| |||| 00| 0 eng d
020 _a9788126133857
050 _aQH 307.2
_b.Ar769 2008
082 _aM 574
_bAr5 2008
245 _aThe Basics of biology /
_cArora, Deepika
260 _aNew Delhi
_bAnmol Publications
_c2008
300 _a312 p.
_c23 cm.
_bill. ;
521 _acollege students
526 _c1210L-1700L
541 _j1
562 _e1
942 _2lcc
_cBK
_kM
999 _c16052
_d16052